000 00806cam a22002893a 4500
001 13892
003 PGUSA
005 20140828083310.0
008 041029s2004||||xxu|||||s|||||000 1 eng d
040 _aPGUSA
_beng
042 _adc
050 4 _aPQ
100 1 _aSand, George,
_d1804-1876
245 1 0 _aLe meunier d'Angibault
_h[electronic resource] /
_cGeorge Sand
260 _bProject Gutenberg,
_c2004
506 _aPublic domain in the USA.
516 _aElectronic text
653 _aSatire
653 _aPastoral fiction
653 _aSocial reformers -- Fiction
653 _aCountry life -- Fiction
653 _aBerry (France) -- Fiction
653 _aSocialism -- Fiction
830 0 _aProject Gutenberg
_v13892
856 4 0 _uhttp://www.gutenberg.org/ebooks/13892
942 _cEB
999 _c243147
_d243147